The chartered surveyor (Record no. 105133)
[ view plain ]
| 000 -LEADER | |
|---|---|
| fixed length control field | 00930cam a2200193 4500 |
| 001 - CONTROL NUMBER | |
| control field | ##L132431 |
| 008 - FIXED-LENGTH DATA ELEMENTS--GENERAL INFORMATION | |
| fixed length control field | 060208n 000 0 eng u |
| 035 ## - SYSTEM CONTROL NUMBER | |
| System control number | (Sirsi) u132431 |
| 041 0# - LANGUAGE CODE | |
| Language code of text/sound track or separate title | eng |
| 050 04 - LIBRARY OF CONGRESS CALL NUMBER | |
| Classification number | 333.0023 $2 18 |
| 110 2# - MAIN ENTRY--CORPORATE NAME | |
| Corporate name or jurisdiction name as entry element | Royal Institution of Chartered Surveyors |
| 9 (RLIN) | 4900 |
| 245 04 - TITLE STATEMENT | |
| Title | The chartered surveyor |
| Remainder of title | his training and his work |
| 260 ## - PUBLICATION, DISTRIBUTION, ETC. | |
| Place of publication, distribution, etc. | London |
| Name of publisher, distributor, etc. | Royal Institution of Chartered Surveyors |
| Date of publication, distribution, etc. | n.d. |
| 300 ## - PHYSICAL DESCRIPTION | |
| Extent | 27p. |
| Dimensions | 22cm. |
| 520 ## - SUMMARY, ETC. | |
| Summary, etc. | Describes the qualifications, duties, services and professional etiquette of the chartered surveyor. In the foreword, Winston Churchill M.P. expresses his high regard of members of the Royal Institution of Chartered Surveyors, recognising their academic and practical achievements. An appendix summarising the duties of a chartered surveyor is also included. |
| 690 ## - LOCAL SUBJECT ADDED ENTRY--TOPICAL TERM (OCLC, RLIN) | |
| Topical term or geographic name as entry element | ABOUT RICS-RICS MEMBERS-CHARTERED SURVEYORS |
| 700 1# - ADDED ENTRY--PERSONAL NAME | |
| Personal name | Churchill, Winston S. |
| 942 ## - ADDED ENTRY ELEMENTS (KOHA) | |
| Suppress in OPAC | 0 |
| Withdrawn status | Lost status | Source of classification or shelving scheme | Damaged status | Not for loan | Home library | Current library | Shelving location | Date acquired | Total Checkouts | Full call number | Barcode | Date last seen | Copy number | Price effective from | Koha item type |
|---|---|---|---|---|---|---|---|---|---|---|---|---|---|---|---|
| Dewey Decimal Classification | London | London | RICS Boxes | 08/02/2006 | ISVA/1 | 30071618 | 06/08/2019 | 1 | 06/08/2019 | Reference material |